|
|
|
|
| LEADER |
00000cam a22000002c 4500 |
| 001 |
480897204 |
| 003 |
DE-627 |
| 005 |
20251223205729.0 |
| 007 |
tu |
| 008 |
050301s1963 xxu||||| 00| ||eng c |
| 010 |
|
|
|a 63002801
|
| 035 |
|
|
|a (DE-627)480897204
|
| 035 |
|
|
|a (DE-576)9480897202
|
| 035 |
|
|
|a (DE-599)GBV480897204
|
| 035 |
|
|
|a (OCoLC)835583686
|
| 040 |
|
|
|a DE-627
|b ger
|c DE-627
|e rakwb
|
| 041 |
|
|
|a eng
|h lat
|
| 044 |
|
|
|c XD-US
|
| 050 |
|
0 |
|a BR60.F3
|
| 082 |
0 |
|
|a 281.4
|q LOC
|
| 084 |
|
|
|a 1
|2 ssgn
|
| 100 |
0 |
|
|a Ambrose
|c Saint
|c Bishop of Milan
|d d. 397
|4 aut
|
| 245 |
1 |
0 |
|a Saint Ambrose
|b theological and dogmatic works
|c Translated by Roy J. Deferrari
|
| 246 |
3 |
3 |
|a Theological and dogmatic works
|
| 264 |
|
1 |
|a Washington
|b Catholic University of American Press
|c 1963
|
| 300 |
|
|
|a xxiii, 343 p
|c 22 cm
|
| 336 |
|
|
|a Text
|b txt
|2 rdacontent
|
| 337 |
|
|
|a ohne Hilfsmittel zu benutzen
|b n
|2 rdamedia
|
| 338 |
|
|
|a Band
|b nc
|2 rdacarrier
|
| 490 |
0 |
|
|a The Fathers of the church, a new translation
|v v. 44
|
| 500 |
|
|
|a Bibliography: p. xxii-xxiii
|
| 601 |
|
|
|a Theologe
|
| 650 |
|
0 |
|a Holy Spirit
|v Early works to 1800
|
| 650 |
|
0 |
|a Sacraments
|v Early works to 1800
|
| 700 |
1 |
|
|a Deferrari, Roy Joseph
|d 1890-1969
|4 oth
|
| 935 |
|
|
|a mteo
|
| 951 |
|
|
|a BO
|
| ELC |
|
|
|b 1
|
| LOK |
|
|
|0 000 xxxxxcx a22 zn 4500
|
| LOK |
|
|
|0 001 4830350687
|
| LOK |
|
|
|0 003 DE-627
|
| LOK |
|
|
|0 004 480897204
|
| LOK |
|
|
|0 005 20251218165639
|
| LOK |
|
|
|0 008 251218||||||||||||||||ger|||||||
|
| LOK |
|
|
|0 035
|a (DE-4020)wubadaa22462
|
| LOK |
|
|
|0 040
|a DE-4020
|c DE-627
|d DE-4020
|
| LOK |
|
|
|0 092
|o n
|
| LOK |
|
|
|0 852
|a DE-4020
|
| LOK |
|
|
|0 852 1
|c AA 503/3
|m p
|9 00
|
| LOK |
|
|
|0 935
|a bami
|
| LOK |
|
|
|0 938
|k p
|
| LOK |
|
|
|0 939
|a 18-12-25
|b l01
|
| ORI |
|
|
|a SA-MARC-ixtheoa001.raw
|